Города Швейцарии по населению - Statistics

General Stats
  • This quiz has been taken 19 times
  • The average score is 6 of 10
Answer Stats
Место Население Город % Correct
1 436 551 Цюрих
100%
5 137 995 Берн
100%
2 209 061 Женева
82%
4 144 873 Лозанна
82%
3 177 571 Базель
73%
9 63 629 Лугано
45%
7 86 234 Люцерн
27%
8 78 863 Санкт Галлен
27%
6 120 376 Винтертур
9%
10 56 896 Биль
9%
No matching quizzes found
Score Distribution
Percent of People with Each Score
Percentile by Number Answered
Your Score History
You have not taken this quiz